[Event "Campeonato España Sub 18"]
[Site "Salobreña"]
[Date "2017.08.04"]
[Round "7"]
[White "Jimenez Ruano, Adrian"]
[Black "Puga Sanchez, Miguel"]
[Result "1-0"]
[Board "20"]
[WhiteClock "1:30"]
[WhiteElo "2171"]
[WhiteCountry "ESP"]
[WhiteFideId "22276050"]
[WhiteEloChange "6"]
[BlackClock "1:30"]
[BlackElo "2030"]
[BlackCountry "ESP"]
[BlackFideId "22275096"]
[BlackEloChange "-6"]

1. d4 {[%clk 1:30:00]} Nf6 {[%clk 1:30:00]} 2. c4 {[%clk 1:31:00]} g6 {[%clk
1:30:00]} 3. Nc3 {[%clk 1:31:00]} Bg7 {[%clk 1:31:00]} 4. e4 {[%clk 1:32:00]} d6
{[%clk 1:31:00]} 5. Nf3 {[%clk 1:31:00]} O-O {[%clk 1:31:00]} 6. h3 {[%clk
1:32:00]} e5 {[%clk 1:31:00]} 7. d5 {[%clk 1:32:00]} a5 {[%clk 1:31:00]} 8. g4
{[%clk 1:33:00]} Na6 {[%clk 1:30:00]} 9. Be3 {[%clk 1:33:00]} c6 {[%clk 1:24:00]}
10. Be2 {[%clk 1:33:00]} cxd5 {[%clk 1:22:00]} 11. cxd5 {[%clk 1:33:00]} Bd7
{[%clk 1:09:00]} 12. Nd2 {[%clk 1:33:00]} Nc5 {[%clk 0:56:00]} 13. g5 {[%clk
1:33:00]} Ne8 {[%clk 0:56:00]} 14. h4 {[%clk 1:33:00]} Qb8 {[%clk 0:51:00]} 15.
Nb3 {[%clk 1:22:00]} b6 {[%clk 0:47:00]} 16. h5 {[%clk 1:22:00]} a4 {[%clk
0:45:00]} 17. Nxc5 {[%clk 1:22:00]} bxc5 {[%clk 0:45:00]} 18. Rb1 {[%clk
1:19:00]} Nc7 {[%clk 0:43:00]} 19. Kf1 {[%clk 1:17:00]} Qb4 {[%clk 0:37:00]} 20.
Kg2 {[%clk 1:14:00]} Rfb8 {[%clk 0:34:00]} 21. Bd2 {[%clk 1:11:00]} Qb7 {[%clk
0:30:00]} 22. Rh4 {[%clk 1:07:00]} Nb5 {[%clk 0:23:00]} 23. Bxb5 {[%clk 1:06:00]}
Bxb5 {[%clk 0:23:00]} 24. Qf3 {[%clk 1:06:00]} Ra7 {[%clk 0:22:00]} 25. Qh3
{[%clk 1:05:00]} Bh8 {[%clk 0:21:00]} 26. Nxb5 {[%clk 1:04:00]} Qxb5 {[%clk
0:21:00]} 27. hxg6 {[%clk 1:04:00]} fxg6 {[%clk 0:14:41]} 28. Qe6+ {[%clk
1:05:00]} Kf8 {[%clk 0:14:53]} 29. Qxd6+ {[%clk 1:04:00]} Kg8 {[%clk 0:14:32]}
30. Qe6+ {[%clk 0:57:00]} Kf8 {[%clk 0:14:55]} 31. Rbh1 {[%clk 0:53:00]} Re8
{[%clk 0:14:47]} 32. Qd6+ {[%clk 0:51:00]} Kg8 {[%clk 0:15:04]} 33. Qxg6+ {[%clk
0:39:00]} Rg7 {[%clk 0:15:18]} 34. Qf5 {[%clk 0:38:00]} Rf7 {[%clk 0:09:03]} 35.
Qh3 {[%clk 0:37:00]} Ref8 {[%clk 0:08:05]} 36. Rf1 {[%clk 0:25:00]} Qe2 {[%clk
0:05:29]} 37. Qe3 {[%clk 0:23:00]} Qa6 {[%clk 0:02:56]} 38. Rh3 {[%clk 0:20:00]}
Rf4 {[%clk 0:02:09]} 39. f3 {[%clk 0:20:00]} c4 {[%clk 0:00:38]} 40. Qc5 {[%clk
0:19:30]} Rxe4 {[%clk 0:00:32]} 41. fxe4 {[%clk 0:13:34]} Rxf1 {[%clk 0:00:53]}
42. Kxf1 {[%clk 0:13:24]} c3+ {[%clk 0:01:17]} 43. Ke1 {[%clk 0:13:23]} cxd2+
{[%clk 0:00:34]} 44. Kxd2 {[%clk 0:13:48]} Bg7 {[%clk 0:00:32]} 45. Rf3 {[%clk
0:13:51]} Qb7 {[%clk 0:00:04]} 46. b4 {[%clk 0:14:20]} axb3 {[%clk 0:00:50]} 47.
Rxb3 {[%clk 0:14:10]} Qa8 {[%clk 0:00:50]} 48. a4 {[%clk 0:09:51]} Bf8 {[%clk
0:00:54]} 49. Qc6 {[%clk 0:09:06]} Qa5+ {[%clk 0:01:09]} 50. Ke2 {[%clk 0:09:25]}
Qd8 {[%clk 0:00:42]} 51. Qe6+ {[%clk 0:09:25]} 1-0

[Event "Campeonato España Sub 18"]
[Site "Salobreña"]
[Date "2017.08.04"]
[Round "7"]
[White "Redondo Benavente, Ana"]
[Black "Vidal Fernandez, Pablo"]
[Result "0-1"]
[Board "21"]
[WhiteClock "n/a"]
[WhiteTitle "WFM"]
[WhiteElo "2026"]
[WhiteCountry "ESP"]
[WhiteFideId "32021674"]
[WhiteEloChange "-6"]
[BlackClock "n/a"]
[BlackElo "2167"]
[BlackCountry "ESP"]
[BlackFideId "32041705"]
[BlackEloChange "6"]

1. e4 {[%clk 1:30:30]} e6 {[%clk 1:30:30]} 2. d4 {[%clk 1:30:30]} d5 {[%clk
1:30:30]} 3. Nd2 {[%clk 1:30:30]} a6 {[%clk 1:30:30]} 4. Ngf3 {[%clk 1:30:30]} c5
{[%clk 1:30:30]} 5. c3 {[%clk 1:30:30]} Nc6 {[%clk 1:30:30]} 6. Bd3 {[%clk
1:30:30]} cxd4 {[%clk 1:30:30]} 7. cxd4 {[%clk 1:30:30]} dxe4 {[%clk 1:30:30]} 8.
Nxe4 {[%clk 1:30:30]} Bb4+ {[%clk 1:30:30]} 9. Nc3 {[%clk 1:30:30]} Nf6 {[%clk
1:30:30]} 10. O-O {[%clk 1:30:30]} O-O {[%clk 1:30:30]} 11. Bg5 {[%clk 1:30:30]}
h6 {[%clk 1:30:30]} 12. Bh4 {[%clk 1:30:30]} Be7 {[%clk 1:30:30]} 13. Rc1 {[%clk
1:30:30]} Nb4 {[%clk 1:30:30]} 14. Bb1 {[%clk 1:30:30]} Re8 {[%clk 1:30:30]} 15.
Re1 {[%clk 1:30:30]} b6 {[%clk 1:30:30]} 16. Ne5 {[%clk 1:30:30]} Bb7 {[%clk
1:30:30]} 17. Bxf6 {[%clk 1:30:30]} Bxf6 {[%clk 1:30:30]} 18. Qg4 {[%clk
1:30:30]} Rc8 {[%clk 1:30:30]} 19. Rcd1 {[%clk 1:30:30]} Nd5 {[%clk 1:30:30]} 20.
Nxf7 {[%clk 1:30:30]} Kxf7 {[%clk 1:30:30]} 21. Bg6+ {[%clk 1:30:30]} Kg8 {[%clk
1:30:30]} 22. Bxe8 {[%clk 1:30:30]} Qxe8 {[%clk 1:30:30]} 23. Rxe6 {[%clk
1:30:30]} Qd7 {[%clk 1:30:30]} 24. Qf5 {[%clk 1:30:30]} Nxc3 {[%clk 1:30:30]} 25.
bxc3 {[%clk 1:30:30]} Rf8 {[%clk 1:30:30]} 26. Re5 {[%clk 1:30:30]} Qxf5 {[%clk
1:30:30]} 27. Rxf5 {[%clk 1:30:30]} Be4 {[%clk 1:30:30]} 28. Rf4 {[%clk 1:30:30]}
Bd5 {[%clk 1:30:30]} 29. a4 {[%clk 1:30:30]} Rc8 {[%clk 1:30:30]} 30. Rd3 {[%clk
1:30:30]} Rc4 {[%clk 1:30:30]} 31. h4 {[%clk 1:30:30]} Rxa4 {[%clk 1:30:30]} 32.
Re3 {[%clk 1:30:30]} a5 {[%clk 1:30:30]} 33. Rf5 {[%clk 1:30:30]} Bc4 {[%clk
1:30:30]} 34. d5 {[%clk 1:30:30]} Ra1+ {[%clk 1:30:30]} 35. Kh2 {[%clk 1:30:30]}
Rd1 {[%clk 1:30:30]} 36. Re6 {[%clk 1:30:30]} b5 {[%clk 1:30:30]} 37. Rb6 {[%clk
1:30:30]} a4 {[%clk 1:30:30]} 38. d6 {[%clk 1:30:30]} a3 {[%clk 1:30:30]} 39.
Rb8+ {[%clk 1:30:30]} Kh7 {[%clk 1:30:30]} 40. Ra8 {[%clk 1:30:30]} a2 {[%clk
1:30:30]} 41. d7 {[%clk 1:30:30]} Rxd7 {[%clk 1:30:30]} 42. Rc5 {[%clk 1:30:30]}
Bxc3 {[%clk 1:30:30]} 43. Rcc8 {[%clk 1:30:30]} a1Q {[%clk 1:30:30]} 44. Rxa1
{[%clk 1:30:30]} Bxa1 {[%clk 1:30:30]} 45. f4 {[%clk 1:30:30]} Bd3 {[%clk
1:30:30]} 46. g4 {[%clk 1:30:30]} b4 {[%clk 1:30:30]} 0-1

[Event "Campeonato España Sub 18"]
[Site "Salobreña"]
[Date "2017.08.04"]
[Round "7"]
[White "Represa Perez, Mireya"]
[Black "Martinez Pla, Xavier"]
[Result "0-1"]
[Board "22"]
[WhiteClock "1:30"]
[WhiteTitle "WFM"]
[WhiteElo "1974"]
[WhiteCountry "ESP"]
[WhiteFideId "32010036"]
[WhiteEloChange "-5"]
[BlackClock "1:30"]
[BlackElo "2166"]
[BlackCountry "ESP"]
[BlackFideId "32074271"]
[BlackEloChange "5"]

1. e4 {[%clk 1:30:00]} c5 {[%clk 1:29:00]} 2. Nf3 {[%clk 1:31:00]} Nc6 {[%clk
1:30:00]} 3. Bb5 {[%clk 1:31:00]} a6 {[%clk 1:30:00]} 4. Bxc6 {[%clk 1:31:00]}
dxc6 {[%clk 1:31:00]} 5. d3 {[%clk 1:30:00]} Qc7 {[%clk 1:31:00]} 6. Be3 {[%clk
1:29:00]} e5 {[%clk 1:31:00]} 7. a4 {[%clk 1:28:00]} a5 {[%clk 1:32:00]} 8. Na3
{[%clk 1:28:00]} Bd6 {[%clk 1:30:00]} 9. h3 {[%clk 1:28:00]} Ne7 {[%clk 1:30:00]}
10. O-O {[%clk 1:27:00]} f6 {[%clk 1:30:00]} 11. Qd2 {[%clk 1:20:00]} Be6 {[%clk
1:30:00]} 12. Qc3 {[%clk 1:11:00]} b6 {[%clk 1:29:00]} 13. Nc4 {[%clk 1:10:00]}
g5 {[%clk 1:25:00]} 14. Nfd2 {[%clk 1:02:00]} h5 {[%clk 1:25:00]} 15. Nxd6+
{[%clk 0:54:00]} Qxd6 {[%clk 1:25:00]} 16. Nc4 {[%clk 0:54:00]} Qc7 {[%clk
1:26:00]} 17. Rad1 {[%clk 0:51:00]} Ng6 {[%clk 1:25:00]} 18. f3 {[%clk 0:45:00]}
Kf7 {[%clk 1:20:00]} 19. Qd2 {[%clk 0:40:00]} Rag8 {[%clk 1:16:00]} 20. Qf2
{[%clk 0:39:00]} Nf4 {[%clk 1:15:00]} 21. Kh1 {[%clk 0:37:00]} g4 {[%clk
1:12:00]} 22. fxg4 {[%clk 0:30:00]} hxg4 {[%clk 1:12:00]} 23. Bxf4 {[%clk
0:29:00]} gxh3 {[%clk 1:06:00]} 24. g3 {[%clk 0:28:00]} exf4 {[%clk 1:07:00]} 25.
Qxf4 {[%clk 0:28:00]} Qxf4 {[%clk 1:07:00]} 26. Rxf4 {[%clk 0:20:00]} Rxg3 {[%clk
1:07:00]} 27. Rdf1 {[%clk 0:19:37]} h2 {[%clk 1:05:00]} 28. Rxf6+ {[%clk
0:16:52]} Ke7 {[%clk 1:05:00]} 29. R6f2 {[%clk 0:16:33]} Rhg8 {[%clk 1:05:00]}
30. Ne5 {[%clk 0:14:31]} Bh3 {[%clk 1:05:00]} 31. Nxc6+ {[%clk 0:13:18]} Ke8
{[%clk 1:04:00]} 32. Kxh2 {[%clk 0:05:57]} Bxf1 {[%clk 1:05:00]} 33. Rxf1 {[%clk
0:06:22]} R3g6 {[%clk 1:05:00]} 34. Rf3 {[%clk 0:05:19]} Rxc6 {[%clk 1:06:00]}
35. Rh3 {[%clk 0:05:26]} Rcg6 {[%clk 1:06:00]} 36. Rh7 {[%clk 0:05:44]} Rg2+
{[%clk 1:06:00]} 37. Kh3 {[%clk 0:06:03]} Rxc2 {[%clk 1:06:00]} 0-1

[Event "Campeonato España Sub 18"]
[Site "Salobreña"]
[Date "2017.08.04"]
[Round "7"]
[White "Martinez Lopez, Carlos"]
[Black "Galiana Fernandez, Adrian"]
[Result "1/2-1/2"]
[Board "23"]
[WhiteClock "1:30"]
[WhiteElo "2034"]
[WhiteCountry "ESP"]
[WhiteFideId "32041659"]
[WhiteEloChange "6"]
[BlackClock "1:30"]
[BlackElo "2274"]
[BlackCountry "ESP"]
[BlackFideId "32010150"]
[BlackEloChange "-6"]

1. e4 {[%clk 1:30:00]} g6 {[%clk 1:30:00]} 2. d4 {[%clk 1:30:00]} Bg7 {[%clk
1:31:00]} 3. c4 {[%clk 1:28:00]} d6 {[%clk 1:31:00]} 4. Nc3 {[%clk 1:28:00]} Nc6
{[%clk 1:31:00]} 5. d5 {[%clk 1:27:00]} Nd4 {[%clk 1:31:00]} 6. Be3 {[%clk
1:27:00]} c5 {[%clk 1:32:00]} 7. dxc6 {[%clk 1:27:00]} Nxc6 {[%clk 1:32:00]} 8.
Qd2 {[%clk 1:21:00]} Nf6 {[%clk 1:26:00]} 9. Bh6 {[%clk 1:21:00]} O-O {[%clk
1:26:00]} 10. Bxg7 {[%clk 1:21:00]} Kxg7 {[%clk 1:27:00]} 11. Be2 {[%clk
1:18:00]} a6 {[%clk 1:16:00]} 12. Nf3 {[%clk 1:15:00]} Bg4 {[%clk 1:02:00]} 13.
Nd4 {[%clk 1:14:00]} Nxd4 {[%clk 1:03:00]} 14. Qxd4 {[%clk 1:14:00]} Be6 {[%clk
0:52:00]} 15. O-O {[%clk 1:13:00]} Qc7 {[%clk 0:51:00]} 16. Rac1 {[%clk 1:12:00]}
Rfc8 {[%clk 0:50:00]} 17. b3 {[%clk 1:10:00]} Qc5 {[%clk 0:48:00]} 18. Rfd1
{[%clk 1:08:00]} h5 {[%clk 0:46:00]} 19. f4 {[%clk 1:06:00]} Rc7 {[%clk 0:42:00]}
20. Bf3 {[%clk 0:55:00]} Rb8 {[%clk 0:38:00]} 21. Qxc5 {[%clk 0:49:00]} Rxc5
{[%clk 0:39:00]} 22. Ne2 {[%clk 0:49:00]} Bg4 {[%clk 0:26:00]} 23. Kf2 {[%clk
0:42:00]} Rbc8 {[%clk 0:24:00]} 24. h3 {[%clk 0:40:00]} Bxf3 {[%clk 0:24:00]} 25.
Kxf3 {[%clk 0:41:00]} g5 {[%clk 0:23:00]} 26. g3 {[%clk 0:37:00]} g4+ {[%clk
0:20:00]} 27. hxg4 {[%clk 0:37:00]} hxg4+ {[%clk 0:20:00]} 28. Ke3 {[%clk
0:37:00]} Rh5 {[%clk 0:20:00]} 29. Nd4 {[%clk 0:34:00]} e6 {[%clk 0:14:45]} 30.
Ne2 {[%clk 0:33:00]} Rh2 {[%clk 0:13:55]} 31. Rxd6 {[%clk 0:32:00]} Nxe4 {[%clk
0:14:19]} 32. Rd7 {[%clk 0:30:00]} Nc5 {[%clk 0:14:41]} 33. Rd2 {[%clk 0:26:00]}
a5 {[%clk 0:13:46]} 34. Rcd1 {[%clk 0:25:00]} Rch8 {[%clk 0:07:19]} 35. Rd8
{[%clk 0:22:00]} R8h3 {[%clk 0:04:03]} 36. Rb8 {[%clk 0:20:00]} Rg2 {[%clk
0:03:30]} 37. a3 {[%clk 0:18:53]} Rhh2 {[%clk 0:01:53]} 38. Re1 {[%clk 0:18:38]}
Nxb3 {[%clk 0:01:43]} 39. Rxb7 {[%clk 0:18:56]} Rf2 {[%clk 0:01:32]} 40. Nd4
{[%clk 0:18:30]} Nxd4 {[%clk 0:01:19]} 41. Kxd4 {[%clk 0:18:58]} Rf3 {[%clk
0:01:21]} 42. Rxe6 {[%clk 0:18:49]} Rd2+ {[%clk 0:01:22]} 43. Kc5 {[%clk
0:19:02]} Rxa3 {[%clk 0:01:08]} 44. Ree7 {[%clk 0:19:02]} Rxg3 {[%clk 0:01:08]}
45. Rxf7+ {[%clk 0:19:02]} Kg6 {[%clk 0:01:08]} 46. Rf8 {[%clk 0:19:02]} a4
{[%clk 0:01:08]} 47. Rb6+ {[%clk 0:19:02]} Kg7 {[%clk 0:01:08]} 48. Ra8 {[%clk
0:19:02]} Rd7 {[%clk 0:01:08]} 49. Rxa4 {[%clk 0:19:02]} Rf3 {[%clk 0:01:08]} 50.
Kc6 {[%clk 0:19:02]} Rf7 {[%clk 0:01:08]} 51. c5 {[%clk 0:19:02]} g3 {[%clk
0:01:08]} 52. Rb2 {[%clk 0:19:02]} R3xf4 {[%clk 0:01:08]} 53. Rxf4 {[%clk
0:19:02]} Rxf4 {[%clk 0:01:08]} 54. Rg2 {[%clk 0:19:02]} Rg4 {[%clk 0:01:08]} 55.
Kd7 {[%clk 0:19:02]} Kf6 {[%clk 0:01:08]} 56. Kc6 {[%clk 0:19:02]} Kf5 {[%clk
0:01:08]} 1/2-1/2

[Event "Campeonato España Sub 18"]
[Site "Salobreña"]
[Date "2017.08.04"]
[Round "7"]
[White "Goni Navarro, Pablo"]
[Black "Comellas Martos, Lidia"]
[Result "1/2-1/2"]
[Board "24"]
[WhiteClock "1:30"]
[WhiteElo "2197"]
[WhiteCountry "ESP"]
[WhiteFideId "22295720"]
[WhiteEloChange "-5"]
[BlackClock "1:30"]
[BlackElo "1987"]
[BlackCountry "ESP"]
[BlackFideId "32079460"]
[BlackEloChange "5"]

1. Nf3 {[%clk 1:30:00]} Nf6 {[%clk 1:30:00]} 2. c4 {[%clk 1:31:00]} c5 {[%clk
1:30:00]} 3. Nc3 {[%clk 1:31:00]} Nc6 {[%clk 1:31:00]} 4. g3 {[%clk 1:31:00]} g6
{[%clk 1:31:00]} 5. Bg2 {[%clk 1:31:00]} Bg7 {[%clk 1:31:00]} 6. O-O {[%clk
1:31:00]} O-O {[%clk 1:31:00]} 7. d4 {[%clk 1:32:00]} cxd4 {[%clk 1:31:00]} 8.
Nxd4 {[%clk 1:32:00]} Qa5 {[%clk 1:31:00]} 9. Nb3 {[%clk 1:22:00]} Qh5 {[%clk
1:31:00]} 10. e4 {[%clk 1:16:00]} d6 {[%clk 1:30:00]} 11. Rb1 {[%clk 1:11:00]}
Qxd1 {[%clk 1:18:00]} 12. Rxd1 {[%clk 1:10:00]} Nd7 {[%clk 1:18:00]} 13. Nd5
{[%clk 1:05:00]} Rb8 {[%clk 1:14:00]} 14. f4 {[%clk 1:00:00]} b6 {[%clk 1:02:00]}
15. Bh3 {[%clk 0:50:00]} Nc5 {[%clk 0:55:00]} 16. Bxc8 {[%clk 0:50:00]} Rbxc8
{[%clk 0:54:00]} 17. Nxc5 {[%clk 0:51:00]} dxc5 {[%clk 0:54:00]} 18. e5 {[%clk
0:49:00]} Rfd8 {[%clk 0:51:00]} 19. Be3 {[%clk 0:42:00]} e6 {[%clk 0:45:00]} 20.
Nc3 {[%clk 0:42:00]} Rxd1+ {[%clk 0:41:00]} 21. Rxd1 {[%clk 0:43:00]} Rd8 {[%clk
0:41:00]} 22. Rc1 {[%clk 0:39:00]} Bf8 {[%clk 0:39:00]} 23. Kf2 {[%clk 0:38:00]}
Be7 {[%clk 0:39:00]} 24. Ne4 {[%clk 0:29:00]} Rd7 {[%clk 0:34:00]} 25. Ke2 {[%clk
0:29:00]} Kf8 {[%clk 0:33:00]} 26. Bd2 {[%clk 0:21:00]} Ke8 {[%clk 0:28:00]} 27.
Bc3 {[%clk 0:22:00]} h6 {[%clk 0:27:00]} 28. h3 {[%clk 0:21:00]} Kd8 {[%clk
0:23:00]} 29. Ke3 {[%clk 0:19:42]} Kc7 {[%clk 0:23:00]} 30. b3 {[%clk 0:19:43]}
Rd8 {[%clk 0:22:00]} 31. Rg1 {[%clk 0:17:28]} a5 {[%clk 0:18:12]} 32. Rf1 {[%clk
0:07:01]} Nb4 {[%clk 0:12:45]} 33. Bxb4 {[%clk 0:05:53]} axb4 {[%clk 0:13:08]}
34. g4 {[%clk 0:04:11]} Rg8 {[%clk 0:09:55]} 35. Rd1 {[%clk 0:03:39]} Rd8 {[%clk
0:08:06]} 36. Rxd8 {[%clk 0:04:07]} Kxd8 {[%clk 0:08:27]} 37. Nd2 {[%clk
0:03:37]} Kd7 {[%clk 0:07:47]} 38. Ke4 {[%clk 0:04:04]} f5+ {[%clk 0:05:24]} 39.
exf6 {[%clk 0:04:21]} Bxf6 {[%clk 0:05:45]} 40. Nf3 {[%clk 0:04:47]} g5 {[%clk
0:04:36]} 41. f5 {[%clk 0:04:30]} Kd6 {[%clk 0:03:41]} 42. Nd2 {[%clk 0:03:43]}
Bd4 {[%clk 0:03:04]} 43. Nf1 {[%clk 0:02:18]} Bf2 {[%clk 0:02:01]} 44. Kf3 {[%clk
0:02:01]} Bd4 {[%clk 0:02:25]} 45. Ke4 {[%clk 0:01:47]} Bf2 {[%clk 0:02:41]} 46.
Nd2 {[%clk 0:02:13]} Bd4 {[%clk 0:03:09]} 47. Nf3 {[%clk 0:02:27]} Bf6 {[%clk
0:03:17]} 48. Ne1 {[%clk 0:01:47]} Bb2 {[%clk 0:02:18]} 49. Ng2 {[%clk 0:01:46]}
Bd4 {[%clk 0:02:00]} 50. h4 {[%clk 0:01:45]} Bf2 {[%clk 0:01:57]} 51. hxg5 {[%clk
0:00:34]} hxg5 {[%clk 0:02:22]} 52. Kf3 {[%clk 0:01:00]} Bd4 {[%clk 0:02:29]} 53.
fxe6 {[%clk 0:01:16]} Kxe6 {[%clk 0:02:51]} 54. Ne1 {[%clk 0:01:36]} Bb2 {[%clk
0:02:48]} 55. Nd3 {[%clk 0:02:02]} Bd4 {[%clk 0:02:58]} 56. Ke4 {[%clk 0:02:28]}
Bc3 {[%clk 0:03:05]} 57. Nf2 {[%clk 0:02:38]} Be5 {[%clk 0:02:43]} 58. Nh3 {[%clk
0:02:39]} Bf6 {[%clk 0:03:05]} 59. Ng1 {[%clk 0:03:06]} Bd4 {[%clk 0:02:42]} 60.
Nf3 {[%clk 0:03:31]} Bf6 {[%clk 0:03:08]} 61. Ne1 {[%clk 0:03:09]} Bb2 {[%clk
0:03:09]} 62. Nc2 {[%clk 0:02:54]} Bc1 {[%clk 0:03:28]} 63. Ne1 {[%clk 0:03:20]}
Bb2 {[%clk 0:03:45]} 64. Nd3 {[%clk 0:03:10]} Bc3 {[%clk 0:03:49]} 65. Nc1 {[%clk
0:03:19]} Bb2 {[%clk 0:03:55]} 66. Ne2 {[%clk 0:03:38]} Be5 {[%clk 0:04:15]} 67.
Kd3 {[%clk 0:03:05]} Bb2 {[%clk 0:01:50]} 68. Ke4 {[%clk 0:03:00]} Be5 {[%clk
0:02:14]} 69. Ng1 {[%clk 0:02:52]} Bd4 {[%clk 0:02:28]} 70. Nf3 {[%clk 0:03:18]}
Bf6 {[%clk 0:02:52]} 71. Kd3 {[%clk 0:03:33]} Kd6 {[%clk 0:02:27]} 72. Ke3 {[%clk
0:03:45]} Ke7 {[%clk 0:02:18]} 73. Kd3 {[%clk 0:02:02]} Kd6 {[%clk 0:02:26]} 74.
Kc2 {[%clk 0:01:46]} Ke6 {[%clk 0:02:28]} 75. Kb1 {[%clk 0:01:53]} Kd6 {[%clk
0:02:19]} 76. a3 {[%clk 0:01:00]} bxa3 {[%clk 0:01:13]} 77. Ka2 {[%clk 0:01:29]}
Kc6 {[%clk 0:00:53]} 78. Kxa3 {[%clk 0:01:54]} b5 {[%clk 0:01:23]} 79. Ka2 {[%clk
0:02:07]} bxc4 {[%clk 0:01:36]} 80. bxc4 {[%clk 0:02:36]} Kb6 {[%clk 0:01:40]}
81. Kb3 {[%clk 0:02:49]} Kc6 {[%clk 0:01:11]} 82. Kc2 {[%clk 0:03:17]} Kd6 {[%clk
0:01:27]} 83. Kd3 {[%clk 0:03:46]} Kd7 {[%clk 0:01:37]} 84. Ke4 {[%clk 0:03:23]}
Ke6 {[%clk 0:02:03]} 85. Ne1 {[%clk 0:03:39]} Bc3 {[%clk 0:01:49]} 86. Nd3 {[%clk
0:03:13]} Bd4 {[%clk 0:02:11]} 87. Nc1 {[%clk 0:03:38]} Be5 {[%clk 0:02:06]} 88.
Ne2 {[%clk 0:04:05]} Bb2 {[%clk 0:01:57]} 89. Ng3 {[%clk 0:04:29]} Bd4 {[%clk
0:01:58]} 90. Ne2 {[%clk 0:03:34]} Be5 {[%clk 0:02:11]} 91. Ng1 {[%clk 0:03:34]}
1/2-1/2

[Event "Campeonato España Sub 18"]
[Site "Salobreña"]
[Date "2017.08.04"]
[Round "7"]
[White "Ros Alonso, Jaume"]
[Black "Munoz Avila, Jose Luis"]
[Result "0-1"]
[Board "25"]
[WhiteClock "1:30"]
[WhiteElo "2006"]
[WhiteCountry "ESP"]
[WhiteFideId "32013418"]
[WhiteEloChange "-5"]
[BlackClock "1:30"]
[BlackElo "2176"]
[BlackCountry "ESP"]
[BlackFideId "32090692"]
[BlackEloChange "5"]

1. e4 {[%clk 1:30:00]} d6 {[%clk 1:30:00]} 2. d4 {[%clk 1:31:00]} Nf6 {[%clk
1:31:00]} 3. Nc3 {[%clk 1:31:00]} e5 {[%clk 1:31:00]} 4. Nf3 {[%clk 1:31:00]}
Nbd7 {[%clk 1:31:00]} 5. Bc4 {[%clk 1:31:00]} Be7 {[%clk 1:32:00]} 6. O-O {[%clk
1:31:00]} O-O {[%clk 1:32:00]} 7. a4 {[%clk 1:31:00]} c6 {[%clk 1:33:00]} 8. Re1
{[%clk 1:29:00]} a5 {[%clk 1:33:00]} 9. h3 {[%clk 1:28:00]} Nb6 {[%clk 1:27:00]}
10. Ba2 {[%clk 1:27:00]} Nfd7 {[%clk 1:27:00]} 11. Be3 {[%clk 1:22:00]} exd4
{[%clk 1:24:00]} 12. Nxd4 {[%clk 1:19:00]} Nc5 {[%clk 1:19:00]} 13. Nf5 {[%clk
1:10:00]} Bxf5 {[%clk 1:16:00]} 14. exf5 {[%clk 1:03:00]} Bf6 {[%clk 0:55:00]}
15. Qg4 {[%clk 0:59:00]} Nbd7 {[%clk 0:50:00]} 16. Rad1 {[%clk 0:54:00]} d5
{[%clk 0:49:00]} 17. Nxd5 {[%clk 0:36:00]} cxd5 {[%clk 0:49:00]} 18. Rxd5 {[%clk
0:36:00]} Rc8 {[%clk 0:41:00]} 19. Red1 {[%clk 0:33:00]} Qc7 {[%clk 0:34:00]} 20.
c3 {[%clk 0:26:00]} Ne5 {[%clk 0:19:25]} 21. Qh5 {[%clk 0:23:00]} Nxa4 {[%clk
0:17:09]} 22. f4 {[%clk 0:14:11]} Nc4 {[%clk 0:14:53]} 23. Bd4 {[%clk 0:12:49]}
Bxd4+ {[%clk 0:12:31]} 24. R1xd4 {[%clk 0:12:56]} Nab6 {[%clk 0:11:51]} 25. Bxc4
{[%clk 0:09:11]} Nxc4 {[%clk 0:06:01]} 26. f6 {[%clk 0:08:53]} Qb6 {[%clk
0:05:36]} 27. fxg7 {[%clk 0:04:24]} Rfd8 {[%clk 0:04:13]} 28. Rb5 {[%clk
0:01:32]} Qe6 {[%clk 0:03:22]} 29. f5 {[%clk 0:00:48]} Qe3+ {[%clk 0:03:22]} 30.
Kh2 {[%clk 0:01:03]} Rxd4 {[%clk 0:03:22]} 31. cxd4 {[%clk 0:01:25]} Qf4+ {[%clk
0:03:40]} 32. Kh1 {[%clk 0:01:34]} Ne3 {[%clk 0:03:41]} 33. Qf3 {[%clk 0:00:32]}
Rc1+ {[%clk 0:03:41]} 0-1

[Event "Campeonato España Sub 18"]
[Site "Salobreña"]
[Date "2017.08.04"]
[Round "8"]
[White "Santos Ruiz, Miguel"]
[Black "Portela Peleteiro, Alberto"]
[Result "1-0"]
[Board "1"]
[WhiteClock "n/a"]
[WhiteTitle "IM"]
[WhiteElo "2469"]
[WhiteCountry "ESP"]
[WhiteFideId "22291482"]
[WhiteEloChange "4"]
[BlackClock "n/a"]
[BlackTitle "FM"]
[BlackElo "2398"]
[BlackCountry "ESP"]
[BlackFideId "22276106"]
[BlackEloChange "-8"]

1. d4 {[%clk 1:30:30]} d5 {[%clk 1:30:30]} 2. Nf3 {[%clk 1:30:30]} e6 {[%clk
1:30:30]} 3. g3 {[%clk 1:30:30]} Nf6 {[%clk 1:30:30]} 4. Bg2 {[%clk 1:30:30]} c5
{[%clk 1:30:30]} 5. O-O {[%clk 1:30:30]} Nc6 {[%clk 1:30:30]} 6. c4 {[%clk
1:30:30]} Be7 {[%clk 1:30:30]} 7. cxd5 {[%clk 1:30:30]} exd5 {[%clk 1:30:30]} 8.
Nc3 {[%clk 1:30:30]} O-O {[%clk 1:30:30]} 9. dxc5 {[%clk 1:30:30]} Bxc5 {[%clk
1:30:30]} 10. a3 {[%clk 1:30:30]} h6 {[%clk 1:30:30]} 11. b4 {[%clk 1:30:30]} Bb6
{[%clk 1:30:30]} 12. Bb2 {[%clk 1:30:30]} Re8 {[%clk 1:30:30]} 13. Rc1 {[%clk
1:30:30]} a6 {[%clk 1:30:30]} 14. Qd3 {[%clk 1:30:30]} Bg4 {[%clk 1:30:30]} 15.
Na4 {[%clk 1:30:30]} Ba7 {[%clk 1:30:30]} 16. Nc5 {[%clk 1:30:30]} Qe7 {[%clk
1:30:30]} 17. h3 {[%clk 1:30:30]} Bxf3 {[%clk 1:30:30]} 18. Qxf3 {[%clk 1:30:30]}
Bxc5 {[%clk 1:30:30]} 19. Rxc5 {[%clk 1:30:30]} Ne5 {[%clk 1:30:30]} 20. Qf5
{[%clk 1:30:30]} Rad8 {[%clk 1:30:30]} 21. Rfc1 {[%clk 1:30:30]} Ned7 {[%clk
1:30:30]} 22. R5c2 {[%clk 1:30:30]} Qe6 {[%clk 1:30:30]} 23. Qxe6 {[%clk
1:30:30]} fxe6 {[%clk 1:30:30]} 24. Rc7 {[%clk 1:30:30]} Rb8 {[%clk 1:30:30]} 25.
Bd4 {[%clk 1:30:30]} b6 {[%clk 1:30:30]} 26. Ra7 {[%clk 1:30:30]} Ra8 {[%clk
1:30:30]} 27. Rcc7 {[%clk 1:30:30]} Rxa7 {[%clk 1:30:30]} 28. Rxa7 {[%clk
1:30:30]} e5 {[%clk 1:30:30]} 29. Bb2 {[%clk 1:30:30]} d4 {[%clk 1:30:30]} 30.
Rxa6 {[%clk 1:30:30]} Rc8 {[%clk 1:30:30]} 31. Ra8 {[%clk 1:30:30]} Nb8 {[%clk
1:30:30]} 32. f4 {[%clk 1:30:30]} exf4 {[%clk 1:30:30]} 33. gxf4 {[%clk 1:30:30]}
1-0